Sports Quiz

Random Sports or MLB Quiz

2016 MLB All-Star Game Lineup History Quiz Stats

Quiz not verified by Sporcle

Also try: Cricket Outs
Challenge
Share
Tweet
Embed
Score 0/159 Timer 10:00
0 Plays Today
Hint Answer % Correct
Angels CFMike Trout
97.7%
Angels CFMike Trout
97.7%
Red Sox DHDavid Ortiz
96.6%
Red Sox DHDavid Ortiz
96.6%
Red Sox DHDavid Ortiz
96.6%
Red Sox DHDavid Ortiz
96.6%
Red Sox DHDavid Ortiz
96.6%
Astros 2BJose Altuve
96.2%
Astros 2BJose Altuve
96.2%
White Sox PChris Sale
93.5%
Orioles 3BManny Machado
93.1%
Nationals RFBryce Harper
92.7%
Nationals RFBryce Harper
92.7%
Cubs 1BAnthony Rizzo
92.3%
Royals 1BEric Hosmer
91.6%
Giants CBuster Posey
91.6%
Giants CBuster Posey
91.6%
Giants CBuster Posey
91.6%
Cubs 3BKris Bryant
90.8%
Royals CSalvador Perez
89.3%
Royals CSalvador Perez
89.3%
Royals CSalvador Perez
89.3%
Red Sox SSXander Bogaerts
87.7%
Red Sox RFMookie Betts
87.4%
Astros 2BCraig Biggio
86.6%
Astros 2BCraig Biggio
86.6%
Astros 2BCraig Biggio
86.6%
Astros 2BCraig Biggio
86.6%
Rockies LFCarlos Gonzalez
85.8%
Rockies LFCarlos Gonzalez
85.8%
Red Sox LFManny Ramirez
83.5%
Red Sox LFManny Ramirez
83.5%
Red Sox LFManny Ramirez
83.5%
Red Sox LFManny Ramirez
83.5%
Red Sox LFManny Ramirez
83.5%
Orioles 3BCal Ripken
82.9%
Cubs 3BAramis Ramirez
82.8%
Cubs 2BBen Zobrist
82.4%
Orioles 3BCal Ripken
82%
Orioles 3BCal Ripken
82%
Orioles 3BCal Ripken
82%
Red Sox LFJackie Bradley Jr.
81.2%
Cubs SSAddison Russell
81.2%
Orioles 3BBrooks Robinson
80.1%
Orioles 3BBrooks Robinson
80.1%
Orioles 3BBrooks Robinson
80.1%
Orioles 3BBrooks Robinson
80.1%
Orioles 3BBrooks Robinson
80.1%
Orioles 3BBrooks Robinson
80.1%
Orioles 3BBrooks Robinson
80.1%
Orioles 3BBrooks Robinson
80.1%
Orioles 3BBrooks Robinson
80.1%
Orioles 3BBrooks Robinson
80.1%
Hint Answer % Correct
Orioles 3BBrooks Robinson
80.1%
Red Sox LFTed Williams
79.3%
Red Sox LFTed Williams
79.3%
Red Sox LFTed Williams
79.3%
Red Sox LFTed Williams
79.3%
Red Sox LFTed Williams
79.3%
Red Sox LFTed Williams
79.3%
Red Sox LFTed Williams
79.3%
Red Sox LFTed Williams
79.3%
Red Sox LFTed Williams
79.3%
Red Sox LFTed Williams
79.3%
Red Sox LFTed Williams
79.3%
Red Sox LFTed Williams
79.3%
Giants PTim Lincecum
77.8%
Giants PJohnny Cueto
77.4%
Giants PMatt Cain
76.6%
Padres DHWil Myers
75.1%
Red Sox SSNomar Garciaparra
74.7%
Marlins CFMarcell Ozuna
74.3%
Cubs 2BRyne Sandberg
73.9%
Cubs 2BRyne Sandberg
73.9%
Cubs 2BRyne Sandberg
73.9%
Cubs 2BRyne Sandberg
73.9%
Cubs 2BRyne Sandberg
73.9%
Cubs 2BRyne Sandberg
73.9%
Cubs 2BRyne Sandberg
73.9%
Cubs 2BRyne Sandberg
73.9%
Cubs 2BRyne Sandberg
73.9%
Cubs 1BErnie Banks
72.8%
Cubs SSErnie Banks
72.8%
Cubs SSErnie Banks
72.8%
Cubs SSErnie Banks
72.8%
Cubs SSErnie Banks
72.8%
Cubs SSErnie Banks
72.8%
Cubs SSErnie Banks
72.8%
Cubs 1BDerrek Lee
67.8%
White Sox PMark Buehrle
65.9%
Red Sox LFCarl Yastrzemski
64%
Red Sox LFCarl Yastrzemski
64%
Red Sox LFCarl Yastrzemski
64%
Padres DHTony Gwynn
61.7%
Red Sox RFJim Rice
57.9%
Red Sox LFJim Rice
57.9%
Red Sox LFJim Rice
57.9%
Red Sox LFJim Rice
57.9%
Cubs 3BRon Santo
51.3%
Cubs 3BRon Santo
51.3%
Cubs 3BRon Santo
51.3%
Cubs 3BRon Santo
51.3%
Astros 2BJeff Kent
43.7%
Giants PJason Schmidt
43.7%
Giants PJuan Marichal
42.1%
Giants PJuan Marichal
42.1%
Hint Answer % Correct
Red Sox LFJason Bay
38.3%
White Sox PEsteban Loaiza
36.4%
Angels CFFred Lynn
33.7%
Angels CFFred Lynn
33.7%
Red Sox SSRico Petrocelli
22.6%
Red Sox SSJohnny Pesky
22.6%
Red Sox SSRico Petrocelli
22.6%
Red Sox RFDom DiMaggio
22.6%
Giants PCarl Hubbell
21.1%
Royals CDarrell Porter
20.3%
Royals 1BJohn Mayberry
19.9%
Giants PRick Reuschel
19.2%
Red Sox LFBob Johnson
18.8%
Red Sox SSJoe Cronin
18.4%
Red Sox SSJoe Cronin
18.4%
Red Sox SSJoe Cronin
18.4%
Red Sox SSJoe Cronin
18.4%
Red Sox SSJoe Cronin
18.4%
Red Sox LFCarl Everett
18.4%
Red Sox SSRick Burleson
15.3%
Red Sox RFTony Conigliaro
14.6%
Cubs SSDon Kessinger
13.4%
Cubs SSDon Kessinger
13.4%
Cubs SSDon Kessinger
13.4%
Cubs SSDon Kessinger
13.4%
White Sox PBilly Pierce
13%
White Sox PBilly Pierce
13%
White Sox PBilly Pierce
13%
White Sox PEarly Wynn
12.3%
Giants PVida Blue
11.5%
Red Sox RFJackie Jensen
10.7%
Giants CWalker Cooper
10.7%
Giants CWalker Cooper
10.7%
Giants CWalker Cooper
10.7%
Cubs 3BStan Hack
10.3%
Cubs 3BStan Hack
10.3%
Cubs 3BStan Hack
10.3%
Cubs 3BStan Hack
10.3%
Red Sox SSLuis Aparicio
10%
Cubs 1BPhil Cavarretta
10%
Orioles 3BGeorge Kell
9.2%
Orioles 3BGeorge Kell
9.2%
Cubs 2BGlenn Beckert
9.2%
Cubs 2BGlenn Beckert
9.2%
Cubs 2BBilly Herman
8.8%
Cubs 2BBilly Herman
8.8%
Cubs 2BBilly Herman
8.8%
Cubs 2BBilly Herman
8.8%
Cubs 2BBilly Herman
8.8%
Giants CEd Bailey
5%
Angels CFAlbie Pearson
4.6%
Cubs 3BAndy Pafko
3.8%
Red Sox RFDoc Cramer
1.9%

You're not logged in!

Compare scores with friends on all Sporcle quizzes.
Sign Up with Email
OR
Log In

You Might Also Like...

Show Comments

Extras

Top Quizzes Today


Score Distribution

Your Account Isn't Verified!

In order to create a playlist on Sporcle, you need to verify the email address you used during registration. Go to your Sporcle Settings to finish the process.

Report this User

Report this user for behavior that violates our Community Guidelines.

Details: